00306nam a2200121Ia 4500008004100000100002100041245003600062260003000098300001000128650002400138942000700162999001500169190216s9999||||xx |||||||||||||| ||und|| aSamuel Glasstone 0aText Book Of Physical Chemistry bMacmillan India Ltdc1976 a1320p aChemistry-Chemistry cBK c2535d2535